000 00545nam a2200145Ia 4500
008 151213s9999 xx 000 0 und d
100 _aবদরুদ্দীনউমর।
245 _aভাষা আন্দোলন প্রসঙ্গ : কতিপয় দলিল।
_cবদরুদ্দীনউমর।
250 _a১ম সং
260 _aঢাকা
_bবাংলা একাডেমী।
_c1985
300 _a4551 p.
650 _aBangla
700 _aবদরুদ্দীনউমর।
999 _c2925
_d2925